000
00290nam a22001217a 4500
082
_a
671.2 PEA'E
100
_a
PARKINS, REDVERS N,PEARSON, CLOUDE E
_9
58246
245
_a
THE EXTRUSION OF METALS
250
_a
2ND
260
_a
LONDON
_b
CHAPMAN & HALL
_c
1960
300
_a
336P
942
_c
BK
999
_c
568444
_d
568444